| 000 | 01190njm a22002897a 4500 | ||
|---|---|---|---|
| 005 | 20100916153914.0 | ||
| 006 | a|||||r|||||00| 0 | ||
| 007 | sd ammalaaahaa | ||
| 008 | 100915t xxu||||| |||| 00| 0 eng d | ||
| 028 |
_aPEALP 2016 _bHis Master's Voice |
||
| 035 | _aGR-03022 | ||
| 040 |
_aSED _cSED |
||
| 100 |
_917455 _aKumar, Kishore |
||
| 245 |
_aMuqaddar ka sikandar / _csung by Kishore Kumar...[et.al]; music by Kalyanji Anandji; lyric by Anjaan _h[sound recording] : |
||
| 246 | _aमुक़द्दर का सिकंदर / | ||
| 260 |
_aDum Dum, India _bHis Master's Voice _c1978 |
||
| 300 |
_a1 sound disc [Gramophone Recording]: _banalog, 33 1/3 rpm _c12 in. (LP) _fGramophone Record |
||
| 500 | _aBrief Record | ||
| 500 | _aRecord labels :His Master's Voice,Red | ||
| 505 | _aSide-1 Rote hue aate hain sab (Kishore Kumar) -- Side-2 Pyar zindagi hai (Lata Mangeshkar, Asha Bhosle & Mahendra Kapoor) | ||
| 600 | _2Kumar, Kishore | ||
| 650 |
_aFilm songs _zIndia _91186 _xExcerpts |
||
| 700 |
_aKalyanji Anandji _920401 |
||
| 700 |
_aAnjaan _920402 |
||
| 942 |
_2ddc _cGR |
||
| 999 |
_c46299 _d46299 |
||